000 00244 a2200085 4500
020 _a9789355518644
100 _aRajan Gupta
_9212641
245 _aFundamentals of IOT(Get familiar with the building blocks of IOT)
260 _bBPB Publication
_c2023
999 _c367226
_d367226